LEADER 01311nam0-2200349---450- 001 990009666810403321 005 20130117102952.0 010 $a8805055786 035 $a000966681 035 $aFED01000966681 035 $a(Aleph)000966681FED01 035 $a000966681 100 $a20130116d1995----km-y0itay50------ba 101 0 $aita 102 $aIT 105 $ay-------101yy 200 1 $aDonna, educazione, societā$eesperienza e proposte del vescovo Francesco Antonio Marcucci (1717-1798)$eatti dei convegni, Roma, Ascoli Piceno 1993-'94 nel 250. anniversario di fondazione dell'Istituto Suore pie operaie dell'Immacolata Concezione 210 $aTorino$cSocietā editrice internazionale$d1995 215 $aIX, 288 p.$d22 cm 610 0 $aMarcucci, Francesco Antonio vescovo$aStudi e pensiero 610 0 $aPie operaie dell'Immacolata Concezione$aCongressi$a1993-1994 676 $a282.092 676 $a271.97 702 1$aMarcucci,$bFrancesco Antonio$cvescovo$f<1717-1798> 710 02$aIstituto Suore Pie Operaie dell'Immacolata Concezione$0518686 801 0$aIT$bUNINA$gRICA$2UNIMARC 901 $aBK 912 $a990009666810403321 952 $a282.092 CONV ROMA-ASCOLI 1993$bBibl. 62980$fFLFBC 959 $aFLFBC 996 $aDonna, educazione, societā$9838927 997 $aUNINA LEADER 01080nam0-2200349---450- 001 990001121510203316 005 20150706155150.0 035 $a000112151 035 $aUSA01000112151 035 $a(ALEPH)000112151USA01 035 $a000112151 100 $a20030108d1961----||ita|01 ba 101 $aita 102 $aIT 105 $a||||||||001yy 200 1 $a<> tempio di Ermete riedificato$estudio critico sui testi di alchimia dalle origini al secolo 17.$fAmedeo Pavesio Seguin 210 $aTorino$cEdizioni Minerva medica$d1961 215 $a96 p.$d24 cm 610 0 $aAlchimia$xStoria$xSaggi 676 $a540.1 700 1$aPAVESIO SEGUIN,$bAmedeo$0366080 801 0$aIT$bBNCF$c19950410 912 $a990001121510203316 951 $aPAP 616$bL.M.$cPAP$d00084588 959 $aBK 969 $aUMA 979 $aPAOLA$b90$c20030108$lUSA01$h1311 979 $aPAOLA$b90$c20030108$lUSA01$h1311 979 $aPATRY$b90$c20040406$lUSA01$h1717 979 $aGIUSY$b90$c20150706$lUSA01$h1551 996 $aTempio di Ermete riedificato$9396810 997 $aUNISA LEADER 01635oam 2200457Ia 450 001 9910699958603321 005 20110223110630.0 035 $a(CKB)5470000002406370 035 $a(OCoLC)74226951 035 $a(EXLCZ)995470000002406370 100 $a20080513d2002 ua 0 101 0 $aeng 135 $aurcn||||||||| 181 $ctxt$2rdacontent 182 $cc$2rdamedia 183 $acr$2rdacarrier 200 10$aSimplifying partitioning complexities by using a common data hub$b[electronic resource] /$fJerry A. Clarke and Raju R. Namburu 210 1$aAberdeen Proving Ground, MD :$cArmy Research Laboratory,$d[2002] 215 $a1 online resource (vi, 9 pages) $ccolor illustrations 225 1 $aARL-TR ;$v2799 300 $aTitle from title screen (viewed on Feb. 23, 2011). 300 $a"August 2002." 300 $a--Original contains color plates: All DTIC reproductions will be in black and white. 320 $aIncludes bibliographical references (page 7). 606 $aNumerical calculations$xComputer programs 606 $aElectronic data processing 606 $aComputer simulation 615 0$aNumerical calculations$xComputer programs. 615 0$aElectronic data processing. 615 0$aComputer simulation. 700 $aClarke$b Jerry A$01393889 701 $aNamburu$b Raju R$01390032 712 02$aU.S. Army Research Laboratory. 801 0$bDTICE 801 1$bDTICE 801 2$bOCLCQ 801 2$bGPO 906 $aBOOK 912 $a9910699958603321 996 $aSimplifying partitioning complexities by using a common data hub$93510837 997 $aUNINA